| 000 | 00902nam a2200265Ia 4500 | ||
|---|---|---|---|
| 003 | OSt | ||
| 005 | 20221005042858.0 | ||
| 006 | a|||||r|||| 00| 0 | ||
| 007 | ta | ||
| 008 | 221004b |||||||| |||| 00| 0 eng d | ||
| 020 |
_a9781474435093 (hbk) _cUKP 75.00 |
||
| 024 | _a44385 | ||
| 037 |
_bKS/2018-2019/083, 15/01/2019, Kadmiel Solutions _cTextual |
||
| 040 |
_aCRL _cCRL _beng |
||
| 041 |
_2eng _aeng |
||
| 082 | _aW:5, Q8 | ||
| 100 |
_aGedacht Joshua Ed. _9590966 |
||
| 245 | 0 |
_aChallenging cosmopolitanism _b coercion, mobility and displacement in Islamic Asia |
|
| 260 |
_aEdinburgh _bEdinburgh University Press UK _c2018 |
||
| 300 |
_aix,261p. _ccm. |
||
| 650 | _aPOLITICAL SCIENCE | ||
| 700 | _a Feener R. Michael Ed. | ||
| 942 |
_hW:5, Q8 _cTEXL _2cc |
||
| 999 |
_c950998 _d950998 |
||